Theory and practice of cushion design (Record no. 546696)

000 -LEADER
fixed length control field 00642cam a2200169 4500
082 00 - DEWEY DECIMAL CLASSIFICATION NUMBER
Classification number 624.171
Author Mark MUS
-- DON
100 1# - MAIN ENTRY--PERSONAL NAME
Personal name Mustin, Gordon S.
9 (RLIN) 42757
245 10 - TITLE STATEMENT
Title Theory and practice of cushion design
Statement of responsibility, etc. [by] Gordon S. Mustin.
260 ## - PUBLICATION, DISTRIBUTION, ETC.
Place of publication, distribution, etc. [Washington]
Name of publisher, distributor, etc. Shock and Vibration Information Center, U.S. Dept. of Defense; [for sale by the Supt. of Docs., U.S. Govt. Print. Off., Washington]
Date of publication, distribution, etc. 1968.
300 ## - PHYSICAL DESCRIPTION
Extent viii, 332 p.
Other physical details illus.
Dimensions 24 cm.
526 ## - STUDY PROGRAM INFORMATION NOTE
Program name 0
Interest level 0
Reading level 0
Title point value 624_171000000000000_MUS
650 #0 - SUBJECT ADDED ENTRY--TOPICAL TERM
Topical term or geographic name entry element MCE
9 (RLIN) 379
650 #0 - SUBJECT ADDED ENTRY--TOPICAL TERM
Topical term or geographic name entry element Packing for shipment.
9 (RLIN) 42758
650 #0 - SUBJECT ADDED ENTRY--TOPICAL TERM
Topical term or geographic name entry element Shock (Mechanics)
9 (RLIN) 42759
650 #0 - SUBJECT ADDED ENTRY--TOPICAL TERM
Topical term or geographic name entry element Vibration.
9 (RLIN) 39230
942 ## - ADDED ENTRY ELEMENTS (KOHA)
Source of classification or shelving scheme
Koha item type Book
Holdings
Withdrawn status Lost status Source of classification or shelving scheme Damaged status Not for loan Permanent Location Current Location Date acquired Total Checkouts Full call number Barcode Date last seen Price effective from Koha item type
          Military College of Engineering (MCE) Military College of Engineering (MCE) 06/18/2014   624.171 MUS MCE-35307 06/18/2014 06/18/2014 Book
© 2023 Central Library, National University of Sciences and Technology. All Rights Reserved.